Guess the Country Artist by Song - Statistics

General Stats
  • This quiz has been taken 23 times
  • The average score is 10 of 27
Answer Stats
Hint Answer % Correct
Courtesy Of The Red, White, And Blue Toby Keith
89%
Beer Never Broke My Heart Luke Combs
84%
Springsteen Eric Church
79%
Friends In Low Places Garth Brooks
79%
Chattahoochee Alan Jackson
74%
Amarillo By Morning George Strait
74%
Fly Over States Jason Aldean
63%
The Devil Went Down to Georgia Charlie Daniels
53%
Sorority Girls Luke Bryan
53%
Bad News Zach Bryan
53%
Good Directions Billy Currington
47%
The Night The Lights Went Out In Georgia Reba McEntire
47%
Ballad Of A Southern Man Whiskey Myers
42%
Colder Weather Zac Brown Band
42%
West Texas Degenerate Treaty Oak Revival
37%
Honky Tonk Blues Hank Williams
32%
Buy Me A Boat Chris Janson
21%
Where I Come From Montgomery Gentry
16%
If You're Reading This Tim McGraw
16%
Can't Break It To My Heart Tracy Lawrence
11%
Fooled Around And Fell In Love Miranda Lambert
5%
Just To Satisfy You Waylon Jennings
5%
Proud Of The House We Built Brooks & Dunn
0%
Enjoy The Ride Colby Acuff
0%
Home Dierks Bentley
0%
Forever And For Always Shania Twain
0%
Pretty Little Liar Waylon Wyatt
0%
No matching quizzes found
Score Distribution
Percent of People with Each Score
Percentile by Number Answered
Your Score History
You have not taken this quiz